000 00969nam a2200349 a 4500
003 AR-BaBNM
005 20251128202731.0
008 082120s2002 ||||||||||||||000 | spa||
020 _a84-7100-546-8
040 _cAR-BaBNM
100 1 _aEngstrand, Iris H.W.
245 0 0 _aArizona hispánica
250 _a1ª ed.
260 _aMadrid
_bMapfre
_c1992
300 _a321 p.
_bmapas
490 0 _aEspaña y Estados Unidos
_vv. 10
504 _aBibliografía para consultar p. 291-304.
650 4 _aGEOGRAFIA FISICA
650 4 _aINSTITUCIONES HISPANOAMERICANAS
650 4 _aIGLESIA
650 4 _aMISIONES RELIGIOSAS
650 4 _aHISTORIA SOCIAL
651 4 _aEstados Unidos
651 4 _aEspaña
800 1 _aGallego, José Andrés
_ecoordinador
800 1 _aGannon, MIchael
_edirector
800 1 _aLyon, Eugene
_edirector
800 1 _aGutman, Eliézer
_etraductor
800 1 _aGutman, Eliézer
_etraductor
942 _cBK
998 _cmariana
999 _c312
_d312